Loading...
| Current Events | 2 | 15.00 | 100% | 50% | 0% |
| Fine Arts - Classical Music | 6 | 13.33 | 100% | 17% | 17% |
| Fine Arts - Other Fine Arts | 3 | 6.67 | 33% | 33% | 0% |
| Fine Arts - Painting and Sculpture | 2 | 10.00 | 100% | 0% | 0% |
| History - American History | 5 | 20.00 | 100% | 80% | 20% |
| History - European History | 6 | 16.67 | 100% | 50% | 17% |
| History - Other History | 3 | 23.33 | 100% | 100% | 33% |
| History - World History | 2 | 10.00 | 100% | 0% | 0% |
| Literature - American Literature | 5 | 12.00 | 100% | 20% | 0% |
| Literature - British Literature | 4 | 10.00 | 50% | 50% | 0% |
| Literature - European Literature | 4 | 10.00 | 100% | 0% | 0% |
| Literature - World Literature | 5 | 10.00 | 100% | 0% | 0% |
| Mythology | 5 | 16.00 | 100% | 60% | 0% |
| Other Academic | 1 | 20.00 | 100% | 100% | 0% |
| Philosophy | 6 | 10.00 | 100% | 0% | 0% |
| Religion | 3 | 13.33 | 100% | 0% | 33% |
| Science - Biology | 3 | 6.67 | 67% | 0% | 0% |
| Science - Chemistry | 2 | 5.00 | 50% | 0% | 0% |
| Science - Other Science | 7 | 10.00 | 71% | 14% | 14% |
| Science - Physics | 4 | 12.50 | 100% | 25% | 0% |
| Social Science | 4 | 12.50 | 100% | 25% | 0% |